Filosofía de la historia

Gespeichert in:
Bibliographische Detailangaben
1. Verfasser: Dray, William H (VerfasserIn)
Format: Buch
Sprache:Spanisch
Veröffentlicht: Ciudad de México UTEHA 1965
Schriftenreihe:Manuales UTEHA. Sección 7, Filosofía, 285-285a
Schlagworte:
Tags: Tag hinzufügen
Keine Tags, Fügen Sie den ersten Tag hinzu!

MARC

LEADER 00000cam a2200000 a 4500
001 UCZ0087
003 CL-VaPUC
008 950724e19650000MX |||||||||||||||||spa|d
082 0 4 |a 901  |b DRA  |2 21 
100 0 |a Dray, William H  |e author  |9 342697 
245 1 0 |a Filosofía de la historia 
300 |a 200 p 
942 |c BK 
945 |d 19950724 00:00:00  |a cmena 
260 |a Ciudad de México  |b UTEHA  |c 1965 
650 0 |a Filosofía de la historia  |9 265651 
650 0 |a Historia y estudios conexos  |9 338055 
650 0 |a Historia  |9 255047 
583 |a last modification  |c 20130306 03:07:29  |k Rodrigo Vera 
490 0 |a Manuales UTEHA. Sección 7, Filosofía, 285-285a 
999 |c 237060  |d 237058 
952 |0 0  |1 0  |4 0  |6 901_000000000000000_DRA_1965  |7 0  |8 A  |9 245768  |a BIBEDU  |b BIBEDU  |d 2019-11-18  |i 1542583  |o 901 DRA 1965  |p 1542583  |r 2019-11-18  |w 2019-11-18  |y BK  |k EDU 
952 |0 0  |1 0  |4 0  |6 901_000000000000000_DRA_1965  |7 0  |8 A  |9 245769  |a BIBHIS  |b BIBHIS  |d 2019-11-18  |i 4854845  |o 901 DRA 1965  |p 4854845  |r 2025-01-20  |w 2019-11-18  |y BK  |k HIS